LIBRARY & INFORMATION CENTRE, KCAET, TAVANUR

ONLINE PUBLIC ACCESS CATALOGUE (OPAC)

Tea in India / (Record no. 1298)

MARC details
000 -LEADER
fixed length control field 00469cam a2200181ua 4500
041 ## - LANGUAGE CODE
Language code of text/sound track or separate title eng
082 ## - DEWEY DECIMAL CLASSIFICATION NUMBER
Classification number 633.72
Item number BAL/TE
100 ## - MAIN ENTRY--AUTHOR NAME
Personal name Balasubramanian, .
245 ## - TITLE STATEMENT
Title Tea in India /
250 ## - EDITION STATEMENT
Edition statement 1 /
260 ## - PUBLICATION, DISTRIBUTION, ETC. (IMPRINT)
Place of publication :
Name of publisher Publications & Information directorate and wiley eastern Ltd ,
Year of publication 1995.
300 ## - PHYSICAL DESCRIPTION
Number of Pages 126 ; .
942 ## - ADDED ENTRY ELEMENTS (KOHA)
Koha item type Books
Holdings
Withdrawn status Lost status Damaged status Home library Current library Date acquired Full call number Accession Number Koha item type
      KAUAET KAUAET 07/04/2012 633.72 19530 Books
free website counter